Electoral Intervention in the Americas: uneven and unanticipated results /

Sparad:
Bibliografiska uppgifter
Huvudupphovsman: Domínguez, Jorge I.
Materialtyp: Text
Ämnen:
Taggar: Lägg till en tagg
Inga taggar, Lägg till första taggen!

MARC

LEADER 00000 a a2200000 04500
001 10057
003
040
100 |a Domínguez, Jorge I.  
245 |a Electoral Intervention in the Americas:   |b uneven and unanticipated results /  |c Jorge I. Domínguez 
650 |a DEMOCRACIA  
650 |a ELECCIONES  
650 |a INTERVENCION EXTRANJERA  
650 |a AMERICA LATINA  
650 |a ESTADOS UNIDOS  
773 |g volumen 40, número 1; páginas 26-29  
999 |c 25810  |d 25810